[Event "ISR-chT 2020"]
[Site "Israel"]
[Date "2020.01.10"]
[Round "1.34"]
[White "Flom, Gabriel"]
[Black "Steinberg, Nitzan"]
[Result "1/2-1/2"]
[WhiteElo "2510"]
[BlackElo "2542"]
[Annotator "TA"]
[PlyCount "109"]
[EventDate "2020.01.10"]
[EventType "team-tourn"]
[EventCountry "ISR"]
[SourceTitle "playchess.com"]
[Source "ChessBase"]
[SourceQuality "1"]

{[%evp 12,109,13,20,24,25,13,-4,-8,-40,13,29,32,38,50,25,32,-46,0,-22,0,-11,-19,-27,-6,-108,-69,-67,-67,-89,-105,-113,-74,-124,-123,-262,-250,-260,-239,-250,-242,-267,-72,-79,-80,-175,-77,-82,-92,-91,-74,-87,-72,-73,-73,-68,-29,-113,-119,-141,-47,-47,-47,-47,-9,-16,-8,-8,-8,-8,-8,-8,-8,-8,-8,-9,0,0,0,-12,0,0,0,0,0,0,0,0,0,0,0,0,0,0,0,0,0,0,0,0]} 1. d4 Nf6 2. c4 e6 3. Nc3 Bb4 4. Bg5 h6 5. Bh4 b6 6. f3 Bxc3+ 7. bxc3 d5 {E30: Nimzo-Indian: Leningrad Variation} 8. e3 Ba6 9. Nh3 $146 ({Predecessor:} 9. Bd3 dxc4 10. Bb1 Nbd7 11. Ne2 c5 12. Be4 Rb8 13. Bxf6 gxf6 14. Qa4 Qc8 15. Bc6 {1-0 (45) Zherebukh,Y (2637)-Zhang,Y (2314) Greensboro 2015}) 9... dxc4 10. Nf2 g5 (10... Qd5 $15) 11. Bg3 $11 Nd5 12. Qd2 {[%mdl 1024] White has compensation.} Nc6 13. e4 Nf6 14. e5 ({Better is} 14. Qc2 $14) 14... Nd5 15. h4 Rg8 16. hxg5 hxg5 17. Ne4 Qe7 18. Nf6+ (18. Be2 $11) 18... Nxf6 $17 19. exf6 Qxf6 20. Bxc7 Qe7 21. Bg3 O-O-O $1 22. O-O-O Rd5 23. Kb2 (23. Qc2 $17) 23... e5 $19 ({Not} 23... Ra5 24. Ka1 $15) 24. Rh6 f6 25. Qc2 exd4 26. Rh7 Rg7 $2 (26... dxc3+ $19 {is more deadly.} 27. Qxc3 Rb5+ 28. Ka1 Qxh7 29. Bxc4 Rd8 30. Rxd8+ Kxd8 31. Qxf6+ Qe7 32. Qh8+ Qe8) 27. Rxg7 $17 Qxg7 28. cxd4 {[#]} Qd7 (28... b5 $1 $19 {has better winning chances.} 29. Bf2 Qd7) 29. Bxc4 Bxc4 30. Qxc4 Rxd4 31. Rxd4 Qxd4+ 32. Qxd4 Nxd4 {[%mdl 4096] Endgame KB-KN} 33. Be1 Ne2 34. Bd2 (34. Kb3 $11) 34... Kd7 35. Kc2 {[#]} Ng3 ({Black should try} 35... Nf4 $1 $17 36. g4 Ke6) 36. Kd3 $15 Ke6 37. Kc4 Nf5 (37... Nf1 $5 {[%cal Rf1d2]} 38. Bc1 a6 $15) 38. g4 {The position is equal.} Nh4 39. f4 Nf3 40. Be3 gxf4 41. Bxf4 a6 {And now ...Ne5+ would win.} 42. Bc7 Ne5+ 43. Kb4 Nc6+ 44. Kc4 Ne5+ 45. Kb4 Nd3+ 46. Ka4 b5+ 47. Ka5 $1 Kd7 48. Bg3 b4 49. Kxa6 Nc1 50. Kb5 Nxa2 {Hoping for ...b3.} 51. Kc4 Ke6 52. Bh4 Ke5 53. Bxf6+ Kxf6 54. Kb3 Nc1+ 55. Kxb4 {Accuracy: White = 58%, Black = 52%.} 1/2-1/2

[Event "ISR-chT 2020"]
[Site "Israel"]
[Date "2020.01.10"]
[Round "1.35"]
[White "Huzman, Alexander"]
[Black "Kantarji, Pinchas"]
[Result "1/2-1/2"]
[WhiteElo "2567"]
[BlackElo "2440"]
[Annotator "TA"]
[PlyCount "125"]
[EventDate "2020.01.10"]
[EventType "team-tourn"]
[EventCountry "ISR"]
[SourceTitle "playchess.com"]
[Source "ChessBase"]
[SourceQuality "1"]

{[%evp 15,125,23,22,23,20,22,28,25,33,27,28,26,41,57,57,25,16,14,81,80,80,83,77,71,91,100,99,64,233,219,204,110,118,121,114,117,118,101,127,110,104,112,166,87,124,116,118,92,91,0,95,34,107,45,51,51,51,0,1,0,69,69,69,69,69,69,69,60,120,80,128,103,128,80,87,87,87,87,109,87,87,87,87,87,87,87,87,87,87,87,87,87,87,87,87,87,87,0,87,60,87,69,69,60,69,67,87,87,108,93,109,93]} 1. d4 Nf6 2. c4 e6 3. Nf3 c6 4. Bf4 d5 5. e3 Be7 6. Nc3 O-O 7. Bd3 Nbd7 8. O-O Nh5 9. Qe2 {D37: Queen's Gambit Declined: 5 Bf4} (9. c5 Nxf4 10. exf4 b6 11. b4 a5 12. a3 g6 13. Qe2 Bb7 14. g3 axb4 15. axb4 Qc7 16. h4 Rxa1 17. Rxa1 {1-0 (41) Lenic,L (2640)-Izsak,G (2471) Hungary 2012}) 9... Nxf4 $146 ({Predecessor:} 9... f5 10. h3 Nb6 11. c5 Nd7 12. Bh2 g6 13. b4 a6 14. a4 Bf6 15. b5 Qa5 16. bxc6 Nxc5 {1-0 (41) Lavrov,S (2351)-Izmestiev,I (2098) Novokuznetsk 2011}) 10. exf4 Bf6 11. Rfd1 {White has an edge.} g6 12. Rac1 Re8 13. g3 b6 14. Ne5 Bb7 15. h4 Bg7 16. h5 dxc4 (16... Qe7 $11) 17. Bxc4 $16 Nf6 18. hxg6 hxg6 19. Ba6 Bxa6 20. Qxa6 Qc8 21. Qe2 c5 $2 {[#]} (21... Qb7 $14) 22. dxc5 bxc5 23. Na4 (23. Nb5 $18) 23... Rd8 24. Nxc5 Rxd1+ 25. Qxd1 {aiming for Ne4.} Nd5 26. a3 Qd8 27. Ne4 Qb8 28. Qd4 Qb3 (28... Qb6 $16 29. Qxb6 axb6) 29. Nc5 (29. Nd6 $18 Rf8 30. Rc6) 29... Qb5 30. Ncd3 a5 31. Rc5 Qb3 32. Rc1 (32. Rc4 $16) 32... Qb7 (32... Qb5 $11 {keeps the balance.}) 33. Qc4 (33. Qe4 $16) 33... Rf8 (33... Bxe5 $1 $14 34. fxe5 Rb8) 34. b4 (34. Qc6 $16 Qb3 35. Qc4) 34... axb4 35. axb4 Bxe5 $1 36. fxe5 (36. Nxe5 $14 Qxb4 37. Qxb4 Nxb4 38. Rc7) 36... Rb8 37. Qe4 (37. Rb1 {seems wilder.} Rc8 38. Nc5 Qb8 39. Qd4 Qb5 40. Kg2) 37... Nxb4 (37... Kg7 $11) 38. Qxb7 $14 Rxb7 39. Rb1 Nxd3 40. Rxb7 {[#] Strongly threatening Rb5.} Nxe5 {[%mdl 4096] Endgame KR-KN} 41. Kg2 Kg7 (41... g5 $14) 42. Rb5 Nd7 43. Kf3 Nf6 44. Ke3 Nd5+ 45. Kd4 Kf6 46. Rb7 Ne7 47. Kc5 g5 48. Kd6 Nd5 49. Kd7 {And now Ke8 would win.} Kg7 50. Rb5 Nf6+ 51. Ke7 Nd5+ 52. Kd6 Kf6 53. Rb1 Nc3 54. Re1 Nd5 55. Kd7 Kg7 56. Kd6 Kf6 57. Rh1 Kg7 58. Ke5 Nf6 59. f3 Nd7+ 60. Kd4 Nf6 61. g4 {White is better.} Nd5 62. Rh5 Kf6 63. Ke4 {Accuracy: White = 52%, Black = 38%.} 1/2-1/2

[Event "ISR-chT 2020"]
[Site "Israel"]
[Date "2020.01.10"]
[Round "1.36"]
[White "Mesropov, Konstantin"]
[Black "Mikhalevski, Victor"]
[Result "1/2-1/2"]
[WhiteElo "2416"]
[BlackElo "2571"]
[Annotator "TA"]
[PlyCount "36"]
[EventDate "2020.01.10"]
[EventType "team-tourn"]
[EventCountry "ISR"]
[SourceTitle "playchess.com"]
[Source "ChessBase"]
[SourceQuality "1"]

{[%evp 19,26,18,18,13,22,7,15,10,6]} 1. e4 c5 2. Nf3 d6 3. Bb5+ Nd7 4. d4 cxd4 5. Qxd4 a6 6. Bxd7+ Bxd7 7. Nc3 e5 8. Qd3 h6 9. Nd2 Nf6 10. Nc4 Be6 {The position is equal.} 11. Be3 {B51: Sicilian: Moscow Variation (3 Bb5+) without 3...Bd7} Rc8 12. Nb6 Rc6 13. Nbd5 Be7 {[#]} {Predecessor:} 14. O-O $146 O-O 15. Rfd1 Ng4 16. Rd2 Bh4 17. g3 Bg5 18. Bxg5 hxg5 {0-1 (49) Solak,D (2599)-Efimenko,Z (2689) Valjevo 2012} 1/2-1/2

[Event "ISR-chT 2020"]
[Site "Israel"]
[Date "2020.01.18"]
[Round "4.1"]
[White "Tal, Baron"]
[Black "Emil, Sutovsky"]
[Result "0-1"]
[WhiteElo "2529"]
[BlackElo "2643"]
[Annotator "ChessBase"]
[PlyCount "62"]
[EventDate "2020.01.10"]
[EventType "team-tourn"]
[EventCountry "ISR"]
[SourceTitle "playchess.com"]
[Source "ChessBase"]
[SourceQuality "1"]
[TimeControl "40/5400+30:1800+30"]

1. e4 {[%emt 0:00:00]} c5 {[%emt 0:00:45]} 2. Nf3 {[%emt 0:00:00]} Nc6 {[%emt 0:00:29]} 3. d4 cxd4 {[%emt 0:00:05]} 4. Nxd4 {[%emt 0:00:00]} Nf6 {[%emt 0:00:07]} 5. Nc3 {[%emt 0:00:00]} d6 {[%emt 0:00:46]} 6. Bg5 {[%emt 0:00:00]} e6 {[%emt 0:00:19]} 7. Qd2 {[%emt 0:00:09]} a6 {[%emt 0:01:47]} 8. O-O-O {[%emt 0:00:06]} h6 {[%emt 0:00:30]} 9. Nxc6 bxc6 {[%emt 0:00:06]} 10. Bf4 {[%emt 0:00:22]} d5 {[%emt 0:00:02]} 11. Qe3 {[%emt 0:01:00]} Be7 {[%emt 0:00:37]} 12. Be2 {[%emt 0:00:50]} O-O {[%emt 0:01:03]} 13. e5 {[%emt 0:05:17]} Nh7 {[%emt 0:01:11]} 14. h4 {[%emt 0:05:54]} Rb8 {[%emt 0:03:59]} 15. Rd3 {[%emt 0:11:26]} Kh8 {[%emt 0:12:30]} 16. g4 {[%emt 0:03:41]} c5 {[%emt 0:02:40]} 17. Qd2 {[%emt 0:32:12]} d4 {[%emt 0:04:22]} 18. Nd1 {[%emt 0:00:23]} Qd5 {[%emt 0:03:30]} 19. Bf3 {[%emt 0:00:49]} Qxa2 {[%emt 0:01:00]} 20. Ra3 {[%emt 0:00:07]} Qc4 {[%emt 0:00:23]} 21. g5 {[%emt 0:01:43]} Bb7 {[%emt 0:08:00]} 22. gxh6 {[%emt 0:01:07]} g6 {[%emt 0:01:05]} 23. Be2 {[%emt 0:05:59]} Qd5 {[%emt 0:03:50]} 24. Rg1 {[%emt 0:00:08]} c4 {[%emt 0:02:22]} 25. Ra4 {[%emt 0:02:36]} Rfc8 {[%emt 0:03:23]} 26. Bg3 {[%emt 0:09:42]} Qb5 {[%emt 0:09:01]} 27. Ra1 {[%emt 0:02:46]} Be4 {[%emt 0:09:58]} 28. Qxd4 {[%emt 0:02:49]} Bxc2 {[%emt 0:01:44]} 29. Kxc2 {[%emt 0:02:29]} Qb3+ {[%emt 0:00:17]} 30. Kc1 {[%emt 0:03:29]} c3 {[%emt 0:00:47]} 31. bxc3 {[%emt 0:00:03]} Rd8 {[%emt 0:00:33]} 0-1

[Event "ISR-chT 2020"]
[Site "Israel"]
[Date "2020.01.18"]
[Round "4.2"]
[White "Ilya, Smirin"]
[Black "Evgeny, Zanan"]
[Result "1/2-1/2"]
[WhiteElo "2607"]
[BlackElo "2503"]
[Annotator "TA"]
[PlyCount "43"]
[EventDate "2020.01.10"]
[EventType "team-tourn"]
[EventCountry "ISR"]
[SourceTitle "playchess.com"]
[Source "ChessBase"]
[SourceQuality "1"]

{[%evp 14,43,27,18,14,11,18,4,13,-12,12,9,10,4,16,0,0,0,14,6,17,8,7,-31,-12,-17,-12,-41,-28,-40,-38,-20]} 1. e4 c5 2. Nc3 Nc6 3. Nf3 e5 4. Bc4 d6 5. d3 Be7 6. h3 Nf6 7. O-O O-O 8. a3 Nd4 {B30: Sicilian: 2...Nc6 3 Bb5, lines without ...g6} (8... Be6 9. Nd5 Bxd5 10. exd5 Nd4 11. Nh2 Qd7 12. f4 e4 13. c3 Nf5 14. g4 Nh4 15. Qe1 b5 16. Ba2 exd3 17. Qxh4 {½-½ (34) Nakamura,H (2769)-Vachier Lagrave,M (2789) Leuven 2018}) 9. b4 b6 10. Be3 $146 ({Predecessor:} 10. Nxd4 cxd4 11. Ne2 Bb7 12. f4 exf4 13. Nxd4 d5 14. Bb3 dxe4 15. Bxf4 Qxd4+ 16. Kh1 exd3 17. cxd3 {0-1 (25) Venturas,B (547)-Vidovic,A (2081) LSS email 2011}) 10... Be6 {The position is equal.} 11. Nd2 Qd7 12. Re1 Rfc8 13. bxc5 bxc5 14. Bxe6 fxe6 15. Nc4 Rab8 16. f4 exf4 17. Bxf4 Rf8 18. Rf1 Rbe8 19. Rb1 d5 20. Na5 Bd8 21. Nb7 {[#] e5 is the strong threat.} Bb6 22. Nd6 {Accuracy: White = 54%, Black = 69%.} 1/2-1/2

[Event "ISR-chT 2020"]
[Site "Israel"]
[Date "2020.01.18"]
[Round "4.3"]
[White "Danny, Raznikov"]
[Black "Alexander, Moiseenko"]
[Result "1/2-1/2"]
[WhiteElo "2506"]
[BlackElo "2620"]
[Annotator "ChessBase"]
[PlyCount "73"]
[EventDate "2020.01.10"]
[EventType "team-tourn"]
[EventCountry "ISR"]
[SourceTitle "playchess.com"]
[Source "ChessBase"]
[SourceQuality "1"]
[TimeControl "40/5400+30:1800+30"]

1. d4 {[%emt 0:00:00]} Nf6 {[%emt 0:00:00]} 2. c4 {[%emt 0:00:09]} e6 {[%emt 0:03:09]} 3. Nf3 {[%emt 0:00:06]} d5 {[%emt 0:01:20]} 4. e3 {[%emt 0:02:57]} a6 {[%emt 0:07:52]} 5. Nbd2 {[%emt 0:09:51]} b6 {[%emt 0:09:57]} 6. b3 {[%emt 0:04:29]} Bb7 {[%emt 0:00:49]} 7. Bb2 {[%emt 0:00:57]} Bd6 {[%emt 0:03:02]} 8. Bd3 {[%emt 0:01:50]} O-O {[%emt 0:01:00]} 9. O-O {[%emt 0:01:35]} Ne4 {[%emt 0:02:17]} 10. Rc1 {[%emt 0:09:57]} f5 {[%emt 0:17:02]} 11. cxd5 exd5 {[%emt 0:00:22]} 12. Ne5 {[%emt 0:05:49]} Bxe5 13. dxe5 {[%emt 0:00:09]} c5 {[%emt 0:03:21]} 14. f3 {[%emt 0:04:36]} Nxd2 15. Qxd2 {[%emt 0:00:05]} Nc6 {[%emt 0:01:54]} 16. Be2 {[%emt 0:07:20]} a5 {[%emt 0:04:08]} 17. Rfd1 {[%emt 0:05:53]} Ne7 {[%emt 0:01:14]} 18. f4 {[%emt 0:05:48]} Qd7 {[%emt 0:02:07]} 19. Bf3 {[%emt 0:01:04]} Qe6 {[%emt 0:02:22]} 20. h3 {[%emt 0:07:25]} Rfd8 {[%emt 0:08:16]} 21. g4 {[%emt 0:04:22]} Bc6 {[%emt 0:02:19]} 22. Qg2 {[%emt 0:05:10]} Rac8 {[%emt 0:00:51]} 23. Rd2 {[%emt 0:05:32]} Rd7 {[%emt 0:03:01]} 24. Rcd1 {[%emt 0:00:53]} Rcd8 {[%emt 0:01:02]} 25. Kh2 {[%emt 0:01:28]} Rf8 {[%emt 0:09:48]} 26. Rd3 {[%emt 0:02:01]} Rfd8 {[%emt 0:00:36]} 27. Bc3 {[%emt 0:01:12]} Rf8 {[%emt 0:07:09]} 28. Be1 {[%emt 0:04:41]} Qh6 {[%emt 0:02:29]} 29. gxf5 {[%emt 0:02:50]} Nxf5 {[%emt 0:00:14]} 30. Bf2 {[%emt 0:00:34]} Ne7 {[%emt 0:02:40]} 31. Bg3 {[%emt 0:02:34]} Nf5 {[%emt 0:00:44]} 32. Bf2 {[%emt 0:00:01]} Ne7 {[%emt 0:00:02]} 33. Qg4 {[%emt 0:01:05]} Kh8 {[%emt 0:01:42]} 34. Rg1 {[%emt 0:02:18]} Nf5 {[%emt 0:00:54]} 35. Rgd1 {[%emt 0:00:18]} Ne7 {[%emt 0:01:17]} 36. Bg3 {[%emt 0:01:12]} Nf5 {[%emt 0:00:56]} 37. Bf2 {[%emt 0:01:32]} 1/2-1/2

[Event "ISR-chT 2020"]
[Site "Israel"]
[Date "2020.01.18"]
[Round "4.4"]
[White "Or, Bronstein"]
[Black "Vitali, Golod"]
[Result "1/2-1/2"]
[WhiteElo "2428"]
[BlackElo "2503"]
[Annotator "ChessBase"]
[PlyCount "47"]
[EventDate "2020.01.10"]
[EventType "team-tourn"]
[EventCountry "ISR"]
[SourceTitle "playchess.com"]
[Source "ChessBase"]
[SourceQuality "1"]
[TimeControl "40/5400+30:1800+30"]

1. d4 {[%emt 0:00:00]} Nf6 {[%emt 0:00:00]} 2. c4 {[%emt 0:00:30]} g6 {[%emt 0:00:16]} 3. Nc3 {[%emt 0:00:45]} d5 {[%emt 0:00:05]} 4. e3 {[%emt 0:05:58]} Bg7 {[%emt 0:00:21]} 5. cxd5 {[%emt 0:00:18]} Nxd5 {[%emt 0:00:30]} 6. Nxd5 Qxd5 {[%emt 0:00:00]} 7. Ne2 {[%emt 0:00:33]} O-O {[%emt 0:06:02]} 8. Nc3 {[%emt 0:00:29]} Qd8 {[%emt 0:06:12]} 9. Be2 {[%emt 0:02:37]} c6 {[%emt 0:18:18]} 10. O-O {[%emt 0:01:36]} e5 {[%emt 0:00:05]} 11. dxe5 Bxe5 {[%emt 0:00:07]} 12. e4 {[%emt 0:04:56]} Qh4 {[%emt 0:26:08]} 13. f4 {[%emt 0:04:00]} Rd8 {[%emt 0:00:04]} 14. Qe1 {[%emt 0:20:17]} Bd4+ {[%emt 0:00:41]} 15. Kh1 {[%emt 0:03:06]} Qxe1 16. Rxe1 {[%emt 0:01:09]} f5 {[%emt 0:14:57]} 17. Rd1 {[%emt 0:02:42]} c5 {[%emt 0:11:01]} 18. Nb5 {[%emt 0:08:39]} Nc6 {[%emt 0:00:02]} 19. e5 {[%emt 0:05:50]} Rb8 {[%emt 0:03:55]} 20. Nxd4 {[%emt 0:06:27]} Nxd4 {[%emt 0:00:48]} 21. Bc4+ {[%emt 0:00:12]} Be6 {[%emt 0:01:38]} 22. Bxe6+ {[%emt 0:12:27]} Nxe6 {[%emt 0:00:01]} 23. Be3 {[%emt 0:00:08]} Kf7 {[%emt 0:02:03]} 24. Kg1 {[%emt 0:00:07]} 1/2-1/2

[Event "ISR-chT 2020"]
[Site "Israel"]
[Date "2020.01.18"]
[Round "4.5"]
[White "Arthur, Kogan"]
[Black "Ori, Kobo"]
[Result "1/2-1/2"]
[WhiteElo "2524"]
[BlackElo "2445"]
[Annotator "TA"]
[PlyCount "97"]
[EventDate "2020.01.10"]
[EventType "team-tourn"]
[EventCountry "ISR"]
[SourceTitle "playchess.com"]
[Source "ChessBase"]
[SourceQuality "1"]

{[%evp 9,97,24,31,41,28,0,0,0,25,0,9,-9,16,-6,-5,-13,23,-8,0,0,0,0,0,0,0,0,19,16,89,77,77,81,93,87,84,79,83,23,93,37,70,37,26,31,42,36,50,53,54,45,137,133,150,139,131,44,52,58,50,48,57,40,61,48,81,91,84,8,10,0,0,0,0,0,0,0,0,0,0,0,0,0,0,0,0,0,0,0,0,-69]} 1. Nf3 d5 2. g3 c6 3. Bg2 Bf5 4. O-O e6 5. d3 h6 (5... Nf6 6. Nbd2 h6 7. b3 Nbd7 8. Bb2 Be7 9. e4 dxe4 10. dxe4 Bh7 11. Qe2 O-O 12. Rad1 Qc7 13. e5 Nd5 14. Ne4 b5 15. c4 bxc4 16. bxc4 N5b6 17. Nd6 Rad8 18. Nd4 Nxe5 19. c5 Nbd7 20. Nxe6 fxe6 21. Bxe5 Nxe5 22. Qxe5 {1-0 (93) Amin,B (2704)-Ding,L (2805) Abidjan 2019}) 6. c4 {A07: Réti Opening: New York and Capablanca Systems} dxc4 7. dxc4 Qxd1 8. Rxd1 Nf6 (8... Nd7 {is more complex.} 9. Nc3 Ngf6 10. b3 Bc2 11. Rd2 Bh7) 9. Bf4 Nbd7 10. Nc3 Bc5 (10... g5 $5 {[%cal Rg5f4]} 11. Be5 Nxe5 12. Nxe5 Bb4 $11) 11. h3 g5 12. Bd2 a5 13. b3 $146 ({Predecessor:} 13. h4 Ng4 14. Be1 Nge5 15. hxg5 Nxf3+ 16. Bxf3 hxg5 17. Na4 {½-½ (59) Namini,A (2249)-Jogstad,M (2322) Sweden 2019}) 13... Ke7 14. Na4 Ba3 15. Be3 e5 16. Ne1 Rhd8 17. Nd3 e4 18. Ne1 b5 (18... Bb4 $11) 19. Nc2 $16 {Black must now prevent Nd4.} bxa4 20. Nxa3 axb3 21. axb3 Rdb8 22. Rdb1 Be6 23. f3 (23. g4 $16) 23... Rb7 (23... Nh5 $11 {keeps the balance.}) 24. fxe4 (24. Nc2 $16) 24... Ne5 25. Bc5+ Ke8 26. Nc2 Nfd7 27. Bd6 c5 28. Na3 Ra6 $1 {[%cal Ra6d6]} 29. Rd1 Rxb3 (29... Rxd6 $1 $14 30. Rxd6 Rxb3) 30. Nb5 Rxd6 31. Nxd6+ ({Not} 31. Rxd6 Ke7 $11) 31... Ke7 32. g4 ({White should play} 32. Rxa5 $16 {Threatens to win with Nf5+.} Rxg3 33. Nf5+ Bxf5 34. exf5) 32... Nxc4 $14 33. Nxc4 Bxc4 34. Rxa5 {[#] And now Ra7 would win.} Bxe2 35. Re1 Bd3 36. e5 {Hoping for Bd5.} Ke6 37. Ra8 {[%cal Ra8e8]} Rb8 38. Ra7 (38. Ra3 $16 Bc4 39. Be4 Nxe5 40. Ra5) 38... Nxe5 $11 {The position is equal.} 39. Rc7 {[#] Strongly threatening Rc6+.} Kd6 40. Ra7 Rb6 41. Ra8 c4 42. Rd8+ Kc7 43. Rd5 f6 44. Ra1 Rb2 45. Rc5+ Kd6 (45... Kb6 $5 46. Rc8 $8 Re2 $11) 46. Rc8 Kd7 47. Rc5 Kd6 48. Rd5+ Kc7 {aiming for ...Rxg2+!} 49. Rda5 {Accuracy: White = 49%, Black = 51%.} ({White should try} 49. Rc5+ $11 Kb6 50. Rc8) 1/2-1/2

[Event "ISR-chT 2020"]
[Site "Israel"]
[Date "2020.01.18"]
[Round "4.6"]
[White "Alexander, Kaspi"]
[Black "Roman, Bar"]
[Result "1/2-1/2"]
[WhiteElo "2456"]
[BlackElo "2498"]
[Annotator "RC"]
[PlyCount "47"]
[EventDate "2020.01.10"]
[EventType "team-tourn"]
[EventCountry "ISR"]
[SourceTitle "playchess.com"]
[Source "ChessBase"]
[SourceQuality "1"]
[TimeControl "40/5400+30:1800+30"]

1. e4 {[%emt 0:00:00]} c5 {[%emt 0:00:02]} 2. Nf3 {[%emt 0:00:00]} d6 {[%emt 0:00:08]} 3. Bb5+ {[%emt 0:00:54]} Nd7 {[%emt 0:00:21]} 4. Ba4 {[%emt 0:00:53]} Ngf6 {[%emt 0:00:34]} 5. O-O {[%emt 0:00:24]} a6 {[%emt 0:03:36]} 6. c4 {[%emt 0:00:41]} e5 {[%emt 0:00:56]} 7. d3 {[%emt 0:00:38]} h6 {[%emt 0:00:20]} 8. Nc3 {[%emt 0:00:44]} Be7 {[%emt 0:00:57]} 9. Nh4 {[%emt 0:02:36]} g6 {[%emt 0:03:05]} 10. Nf3 {[%emt 0:06:53]} Kf8 {[%emt 0:01:09]} 11. Rb1 {[%emt 0:01:28]} Kg7 {[%emt 0:03:15]} 12. Bd2 {[%emt 0:04:10]} Nb8 {[%emt 0:09:41]} 13. b4 {[%emt 0:18:40]} cxb4 14. Rxb4 {[%emt 0:00:14]} Nc6 {[%emt 0:02:20]} 15. Rb2 {[%emt 0:01:52]} Nd7 {[%emt 0:07:00]} 16. Be3 {[%emt 0:07:20]} Nc5 {[%emt 0:07:29]} 17. Bxc6 bxc6 {[%emt 0:00:15]} 18. d4 {[%emt 0:05:48]} Nd7 {[%emt 0:02:13]} 19. Qa4 {[%emt 0:10:53]} Qc7 {[%emt 0:01:45]} 20. d5 {[%emt 0:02:35]} c5 {[%emt 0:01:41]} 21. Rfb1 {[%emt 0:05:39]} Ra7 {[%emt 0:03:27]} 22. Bd2 {[%emt 0:02:59]} Bd8 {[%emt 0:02:36]} 23. Qc6 {[%emt 0:10:47]} f5 {[%emt 0:09:10]} 24. Qxc7 {[%emt 0:03:35]} 1/2-1/2

[Event "ISR-chT 2020"]
[Site "Israel"]
[Date "2020.02.07"]
[Round "5.1"]
[White "Alterman, Boris"]
[Black "Dvoirys, Semen I."]
[Result "1-0"]
[WhiteElo "2602"]
[BlackElo "2466"]
[Annotator "TA"]
[PlyCount "145"]
[EventDate "2020.01.10"]
[EventType "team-tourn"]
[EventCountry "ISR"]
[SourceTitle "playchess.com"]
[Source "ChessBase"]
[SourceQuality "1"]

{[%evp 16,145,24,30,40,-3,23,32,47,39,40,35,35,0,0,-20,-18,-53,-62,-54,-18,-67,-46,-56,0,-121,-96,-112,-73,-120,-89,-80,-85,-66,-63,-73,-26,-31,-23,-32,0,0,0,0,0,0,0,0,0,-19,0,0,0,0,0,0,3,0,2,0,11,9,2,0,0,0,9,9,33,0,0,0,0,0,0,0,0,0,0,0,0,0,0,0,0,0,0,0,17,17,17,17,17,17,17,17,17,17,17,17,17,17,17,17,17,17,17,0,0,0,11,4,11,11,12842,12843,12843,12843,12844,12844,12845,12845,12845,12846,12846,12845,12847,12847,12848,12848,12849,12849]} 1. Nf3 c5 2. g3 b6 3. Bg2 Bb7 4. O-O g6 5. c4 Bg7 6. Nc3 Nc6 {[%cal Bb8c6,Bc6a5,Ba5b7,Bb7c5,Bc5e6][%mdl 32]} 7. e3 Nf6 8. d4 cxd4 9. exd4 O-O {A30: Symmetrical English: Double Fianchetto and Hedgehog.} 10. Bf4 d5 11. Ne5 {[%cal Rc3d5] [#]} Na5 $146 {White is slightly better.} ({Predecessor:} 11... e6 12. cxd5 exd5 13. Qd2 Ne7 14. Rfe1 Nf5 15. Rac1 Nh5 16. Ne2 Nxf4 17. Nxf4 Re8 {1-0 (29) Thompson,I (2202)-Van Meegen,R (2151) Maastricht 2015}) 12. c5 $1 bxc5 13. dxc5 d4 {[#] Threatens to win with ...Bxg2.} 14. Bxb7 Nxb7 15. c6 Nc5 16. Ne2 Ne6 $1 17. Rc1 Qd5 {Strongly threatening ...g5.} 18. Nd3 Rfc8 19. Qc2 a5 (19... Nd8 $15) 20. a3 (20. Qc4 $1 $11) 20... Ra6 21. c7 Ra7 22. Qc6 Nxf4 23. Nexf4 Qxc6 24. Rxc6 Rcxc7 25. Rfc1 Ne8 26. Nd5 Rxc6 27. Rxc6 e6 28. Rc8 Kf8 29. Nb6 $1 Ke7 30. f4 Rb7 31. Rc6 Nd6 32. Kg2 Bf8 33. Kf3 Kd8 34. Nc4 Nxc4 35. Rxc4 $11 {[%mdl 4096] Endgame KRB-KRN} Bg7 36. Rc5 Ra7 37. a4 Kd7 38. Rb5 Kc6 39. Ke4 f5+ 40. Kf3 Bf6 41. Ke2 h6 42. h4 Kd6 43. Kd1 g5 44. hxg5 hxg5 45. fxg5 Bxg5 {[#] White should prevent ...Bd8.} 46. g4 $1 {[%mdl 512]} Bd8 (46... fxg4 47. Rxg5) 47. gxf5 exf5 48. Rxf5 Rg7 49. Kc2 Rg3 50. Rb5 Rg5 51. Rb8 Kc7 52. Ra8 Rd5 53. Ra6 Kb7 54. Rh6 Bb6 55. Kb3 Rf5 56. Kc4 Kc7 57. Re6 Kb7 58. Rg6 Kc7 59. Rh6 Kb7 60. Re6 (60. Rh2 {is more complex.} Rg5 61. Rh8 Rf5 62. Rh7+ Ka6 63. Rg7) 60... Rh5 61. Re5 Rxe5 62. Nxe5 {KB-KN} Ka6 63. b3 Bd8 64. Kxd4 {Hoping for Kc5.} Kb6 $2 {[%mdl 8192]} (64... Be7 $11) 65. Kd5 $18 {White is clearly winning.} Be7 66. Nc4+ Ka6 67. Nd6 Bh4 68. Kc6 Bg3 69. Ne4 Be1 70. Nc5+ Ka7 71. Kb5 Bc3 72. Nd7 Kb7 73. Nb6 {Accuracy: White = 87%, Black = 82%.} 1-0

[Event "ISR-chT 2020"]
[Site "Israel"]
[Date "2020.02.07"]
[Round "5.2"]
[White "Khmelniker, Ilya"]
[Black "Baron, Tal"]
[Result "1/2-1/2"]
[WhiteElo "2481"]
[BlackElo "2529"]
[Annotator "TA"]
[PlyCount "47"]
[EventDate "2020.01.10"]
[EventType "team-tourn"]
[EventCountry "ISR"]
[SourceTitle "playchess.com"]
[Source "ChessBase"]
[SourceQuality "1"]

{[%evp 9,47,-2,-1,-13,-6,-2,31,32,74,66,59,46,66,52,94,18,49,15,5,0,0,0,0,0,0,-30,-17,0,-13,-31,7,-10,0,-111,0,-9,0,-90,0,0]} 1. c4 e6 2. Nc3 d5 3. d4 Nf6 4. Bf4 c5 5. e3 cxd4 6. exd4 {D35: Queen's Gambit Declined: Exchange Variation.} Bb4 {was the old line (6...Nc6).} 7. Nf3 Ne4 8. Rc1 {White is slightly better.} Qa5 {[%cal Re4c3]} 9. Qb3 {[%cal Rc4d5] [#]} O-O $146 ({Predecessor:} 9... Nd7 10. Bd3 Ndf6 11. O-O {½-½ (11) Beck,G (1935)-Walter,M (1963) Germany 2006}) 10. Bd3 {[%cal Rc4d5]} b6 11. O-O Bxc3 12. bxc3 ({White should play} 12. cxd5 $1 $16 exd5 13. bxc3) 12... Ba6 $1 $11 13. Rfe1 Nd7 14. cxd5 Bxd3 15. dxe6 fxe6 ({Don't play} 15... Qf5 $6 16. exd7 Qxf4 17. c4 $16) 16. Qxe6+ Rf7 {White must now prevent ...Qf5.} 17. Re3 Qf5 18. Qxf5 Rxf5 19. Be5 Rd8 20. Rce1 ({Avoid the trap} 20. Rxd3 $2 Nxe5 21. Nxe5 Rxe5 $19) 20... Bc2 21. R3e2 {[#]} (21. Rc1 $1 $11 {keeps the balance.}) 21... Bd3 (21... Rxf3 $1 $17 {[%mdl 512]} 22. gxf3 Nxe5 23. dxe5 Nd2) 22. Re3 $1 Bc2 23. R3e2 {[#]} (23. Rc1 $11 {remains equal.}) 23... Bd3 ({Black should try} 23... Rxf3 $1 $17 {[%mdl 512]} 24. gxf3 Nxe5 25. dxe5 Nd2) 24. Re3 $1 {Accuracy: White = 76%, Black = 72%.} 1/2-1/2